| 000 | 00380pam a2200157 a 4500 | ||
|---|---|---|---|
| 020 | _c | ||
| 041 | _aeng | ||
| 082 |
_a618 _bMAR |
||
| 100 | _aMARROW ETC. | ||
| 245 |
_aMARROW OBSTETRICS & GYNAECOLOGY VIDEOB TRANSCRIPT BASED NOTS VOL 1 _hTextual Documents |
||
| 250 | _a3. | ||
| 260 |
_a[s.l]: _bMARROW, _c2019. |
||
| 300 |
_a200: _ePB. |
||
| 930 | _a9105 | ||
| 999 |
_c803632 _d803632 |
||
| 650 | _aOBST.GYNE | ||